000 00473nam a2200169Ia 4500
999 _c28679
_d28679
003 OSt
005 20201130111823.0
008 190216s9999||||xx |||||||||||||| ||und||
040 _coclc
082 _a894.8123
_bKES/M
100 _aKesavadev, P
_96490
245 0 _aMoonu Novalukal /
_cP Kesavadev
260 _bPrabhath Book House,
_aTrivandrum:
_c1971.
300 _a143p
650 _aNovel
942 _cBK
_2ddc
_h894.8123
_iKES/P
_k894.8123
_mKES/P